000 00660nam a2200205 i 4500
001 93609
003 ES-MaACL
005 20231223063053.0
007 t|
008 050415s1987 sp ||||1| spa d
020 _a84-400-5948-5
100 1 _aLópez, Elsa,
_d1943-
_973324
245 1 3 _aEl viento de las adelfas
_b: poema en dos cantos /
_cElsa López Rodríguez; dibujos de Angel Fernández-Santos.
250 _a2ª ed.
260 _aLa Laguna :
_bJ. Régulo,
_c1987.
300 _a51 p. :
_b1 h. de lám., il. ;
_c19 cm.
700 1 _aFernández-Santos, Ángel.
_950077
852 _aES-MaACL
_jL-11938
_bR.114291
999 _c93609
_d93609